| 000 | 00527cam a22001457a 4500 | ||
|---|---|---|---|
| 008 | 180718b1999 xxu||||| |||| 00| 0 eng d | ||
| 082 | _aAPPPA 98-99 BAL/5 | ||
| 100 | _aBalwaria, H.S. | ||
| 245 |
_aUttar Pradesh police in 2020 AD: challenges and countermeasures _cby H.S. Balwaria |
||
| 260 |
_aNew Delhi _bIndian Institute of Public Administration _c1999 |
||
| 300 | _a84p. | ||
| 500 | _aAn APPPA M.Phil. dissertation, 1998-99 (Guide: J.Guha Roy) | ||
| 650 | _aAPPPA | ||
| 650 | _aPolice administration - India - Uttar Pradesh | ||
| 999 |
_c486905 _d486905 |
||